[Event "Semi-Rapides Nov 1990"]
[Site "Montreal CAN"]
[Date "1990.11.24"]
[Round "5"]
[White "Barbeau, Sylvain"]
[Black "Beaudry, Marc-Andre"]
[Result "1-0"]
[WhiteElo "2378"]
[BlackElo "1897"]
[PlyCount "55"]
[EventDate "1990.11.24"]
[EventType "swiss (rapid)"]
[EventRounds "4"]
[EventCountry "CAN"]

1. d4 g6 2. e4 Bg7 3. Nc3 d6 4. Bg5 Nf6 5. Qd2 h6 6. Bf4 g5 7. Bg3 c6 8. f4 Qa5
9. Bd3 Nh5 10. Nge2 gxf4 11. Bxf4 Nxf4 12. Qxf4 Qg5 13. Qf2 O-O 14. Ng3 Bg4 15.
h3 Bh5 16. h4 Qa5 17. Nf5 e6 18. Nxg7 Kxg7 19. Qg3+ Kh8 20. Qxd6 Na6 21. Qf4
Kg7 22. Rh3 f5 23. Rg3+ Kh7 24. exf5 Nb4 25. f6+ Nxd3+ 26. Rxd3 Qf5 27. Qxf5+
exf5 28. Kf2 1-0

[Event "Semi-Rapides Oct 1990"]
[Site "Montreal CAN"]
[Date "1990.10.27"]
[Round "1"]
[White "Barbeau, Sylvain"]
[Black "Beaudry, Marc-Andre"]
[Result "1-0"]
[WhiteElo "2350"]
[BlackElo "1871"]
[PlyCount "53"]
[EventDate "1990.10.27"]
[EventType "swiss (rapid)"]
[EventRounds "4"]
[EventCountry "CAN"]

1. d4 d5 2. Bg5 Nd7 3. e3 Ngf6 4. Nd2 e6 5. Bd3 Be7 6. f4 c5 7. c3 b6 8. Nh3 a5
9. Qe2 Nb8 10. dxc5 bxc5 11. e4 Ba6 12. Bxa6 Nxa6 13. Bxf6 Bxf6 14. exd5 Qxd5
15. O-O O-O 16. Nc4 Qd8 17. Nf2 Qc7 18. Ne4 Be7 19. g3 Rad8 20. Rad1 Nb8 21.
Rxd8 Rxd8 22. Rd1 Rxd1+ 23. Qxd1 g6 24. Qa4 Qc6 25. Qxc6 Nxc6 26. Ncd2 e5 27.
Nb3 {...} 1-0

[Event "Specialiste Automne"]
[Site "Montreal CAN"]
[Date "1990.09.22"]
[Round "2"]
[White "Barbeau, Sylvain"]
[Black "Charest, Johanne"]
[Result "1-0"]
[WhiteElo "2376"]
[BlackElo "1718"]
[PlyCount "78"]
[EventDate "1990.09.22"]
[EventType "swiss"]
[EventRounds "4"]
[EventCountry "CAN"]

1. d4 d5 2. Bg5 Nf6 3. Bxf6 exf6 4. e3 Bf5 5. Ne2 Bd6 6. Ng3 Bg6 7. Bd3 Nd7 8.
Nc3 c6 9. Nce2 O-O 10. h4 Re8 11. h5 Bxd3 12. Qxd3 h6 13. Nf5 Nf8 14. Rh4 Ne6
15. Rg4 Kh8 16. O-O-O Rg8 17. e4 dxe4 18. Rxe4 Ng5 19. Re3 Qd7 20. g3 Rge8 21.
Nxd6 Qxd6 22. Nc3 Qd7 23. Rde1 Rxe3 24. Qxe3 Ne6 25. Rd1 Rd8 26. d5 cxd5 27.
Rxd5 Qc7 28. Rxd8+ Nxd8 29. Qxa7 Ne6 30. Qe3 Qa5 31. Qf3 Qg5+ 32. Kb1 Qd2 33.
Qe2 Qg5 34. a4 Qa5 35. Qb5 Qc7 36. Nd5 Qc8 37. Ne7 Qa8 38. b3 Kh7 39. Qd3+ Kh8
1-0

[Event "Quebec op"]
[Site "Montreal CAN"]
[Date "1990.08.04"]
[Round "1"]
[White "Barbeau, Sylvain"]
[Black "Takahashi, Nozumo"]
[Result "1-0"]
[WhiteElo "2384"]
[BlackElo "1961"]
[PlyCount "57"]
[EventDate "1990.08.04"]
[EventType "swiss"]
[EventRounds "8"]
[EventCountry "CAN"]

1. d4 Nf6 2. Bg5 e6 3. e4 Be7 4. Nd2 d5 5. e5 Nfd7 6. Bxe7 Qxe7 7. c3 c5 8.
Ndf3 cxd4 9. cxd4 Qb4+ 10. Qd2 Nc6 11. Bd3 f6 12. exf6 Nxf6 13. Ne2 Bd7 14. Nc3
O-O 15. O-O Nh5 16. a3 Qd6 17. Rae1 Rf6 18. Nb5 Qf4 19. Qe3 a6 20. Nc3 Raf8 21.
Ne2 Qd6 22. Ne5 Bc8 23. f4 g5 24. fxg5 Rxf1+ 25. Rxf1 Rxf1+ 26. Kxf1 b5 27. Qf3
Ng7 28. Qf7+ Kh8 29. Nxc6 1-0

[Event "Quebec op"]
[Site "Montreal CAN"]
[Date "1990.08.05"]
[Round "2"]
[White "Drolet, Stephane"]
[Black "Barbeau, Sylvain"]
[Result "0-1"]
[WhiteElo "2056"]
[BlackElo "2384"]
[PlyCount "78"]
[EventDate "1990.08.04"]
[EventType "swiss"]
[EventRounds "8"]
[EventCountry "CAN"]

1. d4 f5 2. g3 Nf6 3. Bg2 e6 4. Nh3 Be7 5. O-O O-O 6. c4 d6 7. Nc3 Qe8 8. b3 e5
9. dxe5 dxe5 10. e4 Nc6 11. Nb5 fxe4 12. Nxc7 Qg6 13. Nxa8 Bg4 14. Qd2 h6 15.
Bb2 Rxa8 16. Kh1 Rd8 17. Qe3 Rd3 18. Qe1 Bb4 19. Qb1 Nd4 20. Bxd4 Rxd4 21. a3
Bd2 22. f3 Bf5 23. fxe4 Nxe4 24. Qa2 Qh5 25. Rxf5 Qxf5 26. b4 Nc3 27. Qb3 Qf7
28. Rf1 Qxc4 29. Qxc4+ Rxc4 30. Bxb7 e4 31. Kg2 e3 32. Nf4 Rxf4 33. gxf4 e2 34.
Rh1 e1=Q 35. Rxe1 Bxe1 36. Kf3 Kf8 37. Ke3 Nb5 38. Ke2 Bh4 39. a4 Nc3+ 0-1

[Event "Quebec op"]
[Site "Montreal CAN"]
[Date "1990.08.06"]
[Round "3"]
[White "Barbeau, Sylvain"]
[Black "Desforges, Jean"]
[Result "1-0"]
[WhiteElo "2384"]
[BlackElo "1994"]
[PlyCount "57"]
[EventDate "1990.08.04"]
[EventType "swiss"]
[EventRounds "8"]
[EventCountry "CAN"]

1. g3 Nf6 2. Bg2 e6 3. f4 c5 4. Nf3 Nc6 5. O-O b6 6. d3 Bb7 7. e4 d6 8. c3 Be7
9. a3 O-O 10. Nbd2 b5 11. Qe2 a5 12. Kh1 Qc7 13. b3 b4 14. cxb4 axb4 15. a4 Nd7
16. Bb2 Bf6 17. Bxf6 Nxf6 18. Rac1 Qe7 19. h3 e5 20. f5 Nh5 21. Kh2 g6 22. Nc4
Nd4 23. Nxd4 exd4 24. Qd2 Rfe8 25. g4 Nf6 26. Qf4 d5 27. Nd6 Reb8 28. fxg6
Nxg4+ 29. hxg4 1-0

[Event "Quebec op"]
[Site "Montreal CAN"]
[Date "1990.08.07"]
[Round "4"]
[White "Spraggett, Grant"]
[Black "Barbeau, Sylvain"]
[Result "1/2-1/2"]
[WhiteElo "2300"]
[BlackElo "2384"]
[PlyCount "59"]
[EventDate "1990.08.04"]
[EventType "swiss"]
[EventRounds "8"]
[EventCountry "CAN"]

1. c4 f5 2. g3 Nf6 3. Bg2 g6 4. Nc3 Bg7 5. e3 d6 6. Nge2 c6 7. d3 Be6 8. Rb1
Bf7 9. O-O O-O 10. b4 d5 11. cxd5 Nxd5 12. d4 a6 13. Qc2 Qd6 14. Nxd5 Bxd5 15.
Bxd5+ cxd5 16. Qc5 Rd8 17. a4 b6 18. Qxd6 Rxd6 19. b5 axb5 20. axb5 Nd7 21. Rb3
Nf6 22. Ba3 Rd7 23. f3 Rc7 24. Rc1 Rac8 25. Rbc3 Rxc3 26. Rxc3 Rxc3 27. Nxc3
Kf7 28. Kf2 Ke8 29. Na4 Nd7 30. Ke2 1/2-1/2

[Event "Quebec op"]
[Site "Montreal CAN"]
[Date "1990.08.08"]
[Round "5"]
[White "Berube, Richard"]
[Black "Barbeau, Sylvain"]
[Result "0-1"]
[WhiteElo "2221"]
[BlackElo "2384"]
[PlyCount "94"]
[EventDate "1990.08.04"]
[EventType "swiss"]
[EventRounds "8"]
[EventCountry "CAN"]

1. d4 f5 2. g3 Nf6 3. Bg2 g6 4. c4 Bg7 5. Nf3 d6 6. O-O O-O 7. b3 a6 8. Bb2 b5
9. Nbd2 c6 10. Qc2 Ra7 11. a4 bxa4 12. bxa4 a5 13. Bc3 Na6 14. Nb3 Nb4 15. Bxb4
axb4 16. Ne1 Bd7 17. c5 Qa8 18. Nd3 Ne4 19. a5 Be6 20. e3 Kh8 21. Rfc1 Rb8 22.
Bxe4 fxe4 23. Nf4 Bf7 24. cxd6 exd6 25. h4 c5 26. dxc5 dxc5 27. Nxc5 b3 28.
Nxb3 Bxb3 29. Qc5 Bf7 30. Rab1 Rxb1 31. Rxb1 Rxa5 32. Qe7 Ra7 33. Qd6 Ra1 34.
Rxa1 Qxa1+ 35. Kg2 Qe5 36. Qd8+ Qe8 37. Qd6 Be5 38. Qb4 Bxf4 39. gxf4 Qe6 40.
Qf8+ Bg8 41. Kg3 Qf5 42. Qd6 h5 43. f3 exf3 44. Kxf3 Qd5+ 45. Qxd5 Bxd5+ 46. e4
Bc6 47. Ke3 Kg7 0-1

[Event "Quebec op"]
[Site "Montreal CAN"]
[Date "1990.08.10"]
[Round "7"]
[White "Stone, Raymond"]
[Black "Barbeau, Sylvain"]
[Result "1-0"]
[WhiteElo "2298"]
[BlackElo "2384"]
[PlyCount "91"]
[EventDate "1990.08.04"]
[EventType "swiss"]
[EventRounds "8"]
[EventCountry "CAN"]

1. d4 f5 2. g3 Nf6 3. Bg2 g6 4. Nf3 Bg7 5. O-O O-O 6. c3 Kh8 7. Nbd2 d6 8. Re1
Nc6 9. e4 e5 10. dxe5 dxe5 11. exf5 Bxf5 12. Nc4 Qxd1 13. Rxd1 Ng4 14. Be3 b5
15. Nfd2 e4 16. h3 bxc4 17. hxg4 Bxg4 18. Bxe4 Bxd1 19. Rxd1 Ne5 20. Bxa8 Rxa8
21. f4 Ng4 22. Nxc4 Re8 23. Bxa7 h5 24. Bd4 Re2 25. Bxg7+ Kxg7 26. Rd2 Re1+ 27.
Kg2 Kf6 28. a4 Ra1 29. a5 Ra4 30. b4 Kf5 31. Kf3 Ra1 32. Ne3+ Nxe3 33. Kxe3 Kg4
34. Rd5 Kxg3 35. Rg5+ Kh2 36. Rxg6 h4 37. Kd4 h3 38. Kc5 Rg1 39. f5 Rg3 40. a6
Rxc3+ 41. Kd4 Rf3 42. f6 c5+ 43. Kxc5 Rc3+ 44. Kd4 Rb3 45. Kc4 Ra3 46. f7 1-0

[Event "Quebec op"]
[Site "Montreal CAN"]
[Date "1990.08.11"]
[Round "8"]
[White "Barbeau, Sylvain"]
[Black "Lagasse, Pascal"]
[Result "1-0"]
[WhiteElo "2384"]
[BlackElo "1994"]
[PlyCount "51"]
[EventDate "1990.08.04"]
[EventType "swiss"]
[EventRounds "8"]
[EventCountry "CAN"]

1. d4 e6 2. Nd2 c5 3. e3 Nf6 4. Bd3 b6 5. Qe2 Bb7 6. f4 Be7 7. Nh3 d6 8. O-O
Nbd7 9. c4 Qc7 10. b3 h6 11. Bb2 O-O-O 12. f5 e5 13. d5 Rhg8 14. Nf2 Kb8 15.
Bc3 Rdf8 16. Rfb1 g5 17. Nde4 g4 18. b4 Nxe4 19. Nxe4 Bg5 20. a4 cxb4 21. Bxb4
Nc5 22. a5 Nxe4 23. Bxe4 Rc8 24. axb6 Qxb6 25. Ra3 Bxe3+ 26. Qxe3 1-0

[Event "Quebec-ch"]
[Site "Montreal CAN"]
[Date "1990.06.04"]
[Round "1"]
[White "Barbeau, Sylvain"]
[Black "Leveille, Francois"]
[Result "0-1"]
[WhiteElo "2385"]
[BlackElo "2325"]
[PlyCount "66"]
[EventDate "1990.06.04"]
[EventType "tourn"]
[EventRounds "9"]
[EventCountry "CAN"]

1. c4 e6 2. e3 d5 3. Nf3 Nf6 4. b3 c5 5. Bb2 Nc6 6. cxd5 exd5 7. Bb5 Bd6 8. Ne5
O-O 9. Nxc6 bxc6 10. Bxc6 Bg4 11. Qc2 Rc8 12. Bb5 Qe7 13. Bd3 Be5 14. f3 Bd7
15. Bxe5 Qxe5 16. O-O c4 17. bxc4 dxc4 18. Be2 Qxa1 19. Nc3 Ba4 20. Nxa4 Qe5
21. Bxc4 Rfd8 22. Nb2 Nd5 23. Rc1 Nb6 24. f4 Qa5 25. d3 Qa3 26. Qc3 Qxc3 27.
Rxc3 Nd5 28. Ra3 Nxe3 29. Rxa7 Nxc4 30. dxc4 Rd2 31. Rb7 g6 32. a4 Re8 33. a5
Re1# 0-1

[Event "Quebec-ch"]
[Site "Montreal CAN"]
[Date "1990.06.06"]
[Round "3"]
[White "Barbeau, Sylvain"]
[Black "Spraggett, Grant"]
[Result "0-1"]
[WhiteElo "2385"]
[BlackElo "2275"]
[PlyCount "66"]
[EventDate "1990.06.04"]
[EventType "tourn"]
[EventRounds "9"]
[EventCountry "CAN"]

1. c4 e5 2. Nc3 d6 3. Nf3 f5 4. d4 e4 5. Ng5 c6 6. Nh3 Na6 7. e3 Nf6 8. Nf4 Nc7
9. h4 Be7 10. b4 d5 11. Qb3 Be6 12. Nxe6 Nxe6 13. g3 O-O 14. Be2 Kh8 15. a4 Nc7
16. Kf1 dxc4 17. Bxc4 a6 18. Bd2 b5 19. Be2 Ncd5 20. Na2 Bd6 21. Rc1 Qd7 22.
Rc2 Rac8 23. Kg2 g6 24. Ra1 h6 25. Nc1 g5 26. hxg5 hxg5 27. axb5 axb5 28. Ra6
f4 29. f3 fxg3 30. Be1 Qh7 31. Bxg3 Bxg3 32. Kxg3 Qh4+ 33. Kg2 Ng4 0-1

[Event "Quebec-ch"]
[Site "Montreal CAN"]
[Date "1990.06.07"]
[Round "4"]
[White "Lagasse, Pascal"]
[Black "Barbeau, Sylvain"]
[Result "0-1"]
[WhiteElo "2062"]
[BlackElo "2385"]
[PlyCount "60"]
[EventDate "1990.06.04"]
[EventType "tourn"]
[EventRounds "9"]
[EventCountry "CAN"]

1. e4 c5 2. Nf3 Nc6 3. d4 cxd4 4. Nxd4 Nf6 5. Nc3 e6 6. Ndb5 Bb4 7. a3 Bxc3+ 8.
Nxc3 d5 9. exd5 exd5 10. Bg5 d4 11. Qe2+ Be6 12. O-O-O h6 13. Bh4 g5 14. Bg3
Qe7 15. Nb5 O-O-O 16. Qe1 Qc5 17. b4 Qe7 18. Nxd4 Rxd4 19. Rxd4 Nxd4 20. Qc3+
Nc6 21. b5 Rd8 22. bxc6 Nd5 23. cxb7+ Kxb7 24. Qb2+ Nb6 25. Be2 Bd5 26. Re1 Ka8
27. f4 Qe3+ 28. Kb1 Na4 29. Qc1 Rb8+ 30. Ka1 Qc3+ 0-1

[Event "Quebec-ch"]
[Site "Montreal CAN"]
[Date "1990.06.08"]
[Round "5"]
[White "Barbeau, Sylvain"]
[Black "Saint Amand, Paul"]
[Result "1-0"]
[WhiteElo "2385"]
[BlackElo "2180"]
[PlyCount "89"]
[EventDate "1990.06.04"]
[EventType "tourn"]
[EventRounds "9"]
[EventCountry "CAN"]

1. d4 Nf6 2. Bg5 Ne4 3. Bf4 c5 4. f3 Nf6 5. d5 d6 6. e4 a6 7. a4 e6 8. c4 exd5
9. cxd5 g6 10. Na3 Nh5 11. Be3 Bg7 12. Nc4 O-O 13. g4 Nf6 14. Nh3 Re8 15. Nf2
Re7 16. Bg2 b6 17. O-O Ne8 18. f4 Bb7 19. Qd2 f6 20. b4 Nd7 21. Rab1 Rb8 22.
bxc5 bxc5 23. Nd3 Ba8 24. a5 Rb5 25. Bf2 Qb8 26. Na3 Rxb1 27. Rxb1 Qc7 28. Nc4
Qd8 29. Qc2 Qc7 30. Bg3 Kh8 31. Ndb2 Qc8 32. Na4 Qd8 33. Rb3 Kg8 34. Qb1 Qc7
35. Nab6 Bb7 36. h4 Kh8 37. Kh2 Kg8 38. g5 Nxb6 39. Rxb6 fxg5 40. hxg5 Bc8 41.
Rc6 Qb7 42. Qxb7 Bxb7 43. Rb6 Bc3 44. e5 dxe5 45. fxe5 1-0

[Event "Quebec-ch"]
[Site "Montreal CAN"]
[Date "1990.06.12"]
[Round "7"]
[White "Barbeau, Sylvain"]
[Black "Ross, Dave"]
[Result "1-0"]
[WhiteElo "2385"]
[BlackElo "2330"]
[PlyCount "73"]
[EventDate "1990.06.04"]
[EventType "tourn"]
[EventRounds "9"]
[EventCountry "CAN"]

1. d4 e6 2. Nd2 c5 3. e3 Nf6 4. Bd3 Qc7 5. c3 b6 6. Nh3 Ba6 7. Bxa6 Nxa6 8. f4
Qb7 9. Qe2 Be7 10. O-O g6 11. a4 Rc8 12. Qd3 d5 13. b3 Nc7 14. Bb2 cxd4 15.
exd4 O-O 16. Ng5 Nce8 17. Rae1 Ng7 18. Qh3 Rc7 19. Ndf3 b5 20. a5 Qa6 21. b4
Qc8 22. Ne5 h5 23. Qd3 Nf5 24. Qxb5 Rxc3 25. Bxc3 Qxc3 26. Nxe6 fxe6 27. Nxg6
Qxb4 28. Qa6 Nxd4 29. Nxf8 Bxf8 30. f5 Qd6 31. Qxd6 Bxd6 32. fxe6 Ne4 33. Kh1
Nxe6 34. Rf5 Nf4 35. g3 Nd3 36. Re2 Nc3 37. Re3 1-0

[Event "Quebec-ch"]
[Site "Montreal CAN"]
[Date "1990.06.13"]
[Round "8"]
[White "Barbeau, Sylvain"]
[Black "Desforges, Jean"]
[Result "1-0"]
[WhiteElo "2385"]
[BlackElo "2011"]
[PlyCount "29"]
[EventDate "1990.06.04"]
[EventType "tourn"]
[EventRounds "9"]
[EventCountry "CAN"]

1. d4 d5 2. Bg5 Nf6 3. Bxf6 exf6 4. e3 Bf5 5. Ne2 Bd6 6. Ng3 Be6 7. Bd3 Qd7 8.
Nd2 Nc6 9. c3 Ne7 10. Qc2 h5 11. e4 c5 12. dxc5 Bxc5 13. exd5 Nxd5 14. Nde4 Bb6
15. Bb5 1-0

[Event "Specialiste Automne"]
[Site "Montreal CAN"]
[Date "1989.10.28"]
[Round "2"]
[White "Charest, Johanne"]
[Black "Barbeau, Sylvain"]
[Result "0-1"]
[WhiteElo "1560"]
[BlackElo "2371"]
[PlyCount "50"]
[EventDate "1989.10.28"]
[EventType "swiss"]
[EventRounds "4"]
[EventCountry "CAN"]

1. e4 c5 2. Nf3 Nc6 3. d4 cxd4 4. Nxd4 Nf6 5. Nc3 d6 6. Be2 e5 7. Nb3 Be7 8.
Be3 O-O 9. O-O a5 10. Nd2 Rb8 11. Bb5 Ng4 12. Nc4 Nxe3 13. Nxe3 Nd4 14. Bd3 g6
15. Ncd5 Bg5 16. c3 Ne6 17. Qf3 Ng7 18. Rfd1 f5 19. exf5 gxf5 20. Bc4 Kh8 21.
Bb3 b5 22. Nf1 Ne6 23. Bc2 Bb7 24. Qh3 Bxd5 25. Bxf5 Qe7 0-1

[Event "Quebec op"]
[Site "Montreal CAN"]
[Date "1989.07.22"]
[Round "1"]
[White "Barbeau, Sylvain"]
[Black "Daigle, Gilles"]
[Result "1/2-1/2"]
[WhiteElo "2337"]
[BlackElo "1854"]
[PlyCount "96"]
[EventDate "1989.07.22"]
[EventType "swiss"]
[EventRounds "8"]
[EventCountry "CAN"]

1. d4 Nf6 2. Nf3 g6 3. Bg5 Bg7 4. Nbd2 d5 5. c3 O-O 6. b4 Nbd7 7. e3 a5 8. a4
Nb6 9. Be2 Qe8 10. b5 Nfd7 11. O-O e5 12. Bh4 h6 13. Rc1 f5 14. dxe5 Nxe5 15.
Bg3 Bd7 16. Nxe5 Bxe5 17. Bxe5 Qxe5 18. c4 c6 19. c5 Nc8 20. Nf3 Qf6 21. Qd4
Ne7 22. Ne5 Be8 23. Rb1 g5 24. bxc6 Bxc6 25. Nxc6 bxc6 26. Rb7 Qxd4 27. exd4
Ng6 28. g3 f4 29. Bd3 Rf6 30. Rc1 fxg3 31. hxg3 Nf8 32. Rc7 Re8 33. Ra7 Ne6 34.
Rd1 Ref8 35. Rd2 g4 36. Bf1 h5 37. Rxa5 h4 38. Bg2 h3 39. Bh1 h2+ 40. Kxh2
Rxf2+ 41. Rxf2 Rxf2+ 42. Kg1 Ra2 43. Ra6 Ra1+ 44. Kf2 Rxh1 45. Rxc6 Nxd4 46.
Rd6 Rh2+ 47. Kg1 Ra2 48. c6 Nxc6 1/2-1/2

[Event "Quebec op"]
[Site "Montreal CAN"]
[Date "1989.07.30"]
[Round "2"]
[White "Teuton, Frank"]
[Black "Barbeau, Sylvain"]
[Result "1-0"]
[WhiteElo "2067"]
[BlackElo "2262"]
[PlyCount "71"]
[EventDate "1989.07.22"]
[EventType "swiss"]
[EventRounds "8"]
[EventCountry "CAN"]

1. e4 c5 2. Nf3 e6 3. d4 cxd4 4. Nxd4 Nf6 5. Nc3 Nc6 6. Nxc6 bxc6 7. Bd3 d5 8.
O-O Be7 9. Qe2 d4 10. Na4 e5 11. Bd2 O-O 12. b3 Nd7 13. Nb2 Bg5 14. Bb4 c5 15.
Ba3 Be7 16. Na4 Qc7 17. c3 Nb6 18. Nxb6 axb6 19. Bb2 Bg5 20. a4 g6 21. Qc2 Qd8
22. cxd4 cxd4 23. Bc1 Be6 24. Ba3 Re8 25. Bb5 Bd7 26. Bc4 Bc6 27. Qe2 Kg7 28.
Bb2 Qc7 29. Rad1 Qb7 30. Qg4 Qe7 31. f4 Bxf4 32. Rxf4 exf4 33. Qxf4 f6 34. Rxd4
Qc5 35. Kf1 g5 36. Rd7+ 1-0

[Event "Quebec op"]
[Site "Montreal CAN"]
[Date "1989.07.24"]
[Round "3"]
[White "Barbeau, Sylvain"]
[Black "David, Eric"]
[Result "1-0"]
[WhiteElo "2337"]
[BlackElo "1978"]
[PlyCount "75"]
[EventDate "1989.07.22"]
[EventType "swiss"]
[EventRounds "8"]
[EventCountry "CAN"]

1. d4 Nf6 2. Bg5 g6 3. Bxf6 exf6 4. e3 Bg7 5. Bd3 f5 6. c3 O-O 7. Qf3 d6 8. Ne2
c5 9. Nd2 Nc6 10. O-O Be6 11. Nf4 Qb6 12. Rfb1 Rfe8 13. Nc4 Qc7 14. d5 Ne5 15.
Nxe5 dxe5 16. dxe6 exf4 17. exf7+ Qxf7 18. Qxf4 Qe7 19. Rd1 Red8 20. Bc4+ Kh8
21. Bd5 Rab8 22. Rd2 b6 23. Rad1 Be5 24. Qf3 Rd6 25. g3 Rbd8 26. c4 Bf6 27. Re2
Qg7 28. e4 fxe4 29. Qxe4 Rf8 30. b3 Bd4 31. Kg2 Rd7 32. Rd3 h5 33. h4 Rdd8 34.
f4 Rd7 35. Rf3 Qf6 36. Qd3 Rdd8 37. Re6 Qg7 38. Rxg6 1-0

[Event "Quebec op"]
[Site "Montreal CAN"]
[Date "1989.07.26"]
[Round "5"]
[White "Billard, Michel"]
[Black "Barbeau, Sylvain"]
[Result "1/2-1/2"]
[WhiteElo "2086"]
[BlackElo "2337"]
[PlyCount "58"]
[EventDate "1989.07.22"]
[EventType "swiss"]
[EventRounds "8"]
[EventCountry "CAN"]

1. e4 c5 2. Nf3 e6 3. d4 cxd4 4. Nxd4 Nf6 5. Nc3 Nc6 6. Ndb5 Bb4 7. a3 Bxc3+ 8.
Nxc3 d5 9. exd5 exd5 10. Bd3 O-O 11. O-O d4 12. Ne4 Bf5 13. Bg5 Bxe4 14. Bxe4
h6 15. Bxf6 Qxf6 16. Qf3 Qxf3 17. Bxf3 Rfd8 18. Rad1 Rd7 19. Rd2 Rad8 20. Rfd1
Ne5 21. Be2 g5 22. Bd3 Kg7 23. b3 Kf6 24. f3 Ke6 25. Re2 f6 26. Bc4+ Kf5 27.
Bd3+ Ke6 28. Bc4+ Kf5 29. Bd3+ Ke6 1/2-1/2

[Event "Quebec op"]
[Site "Montreal CAN"]
[Date "1989.07.27"]
[Round "6"]
[White "Saint-Pierre, Benoit"]
[Black "Barbeau, Sylvain"]
[Result "0-1"]
[WhiteElo "2126"]
[BlackElo "2337"]
[PlyCount "54"]
[EventDate "1989.07.22"]
[EventType "swiss"]
[EventRounds "8"]
[EventCountry "CAN"]

1. Nf3 c5 2. c4 b6 3. g3 Bb7 4. Bg2 Nf6 5. Nc3 e6 6. O-O Be7 7. d4 cxd4 8. Qxd4
d6 9. b3 a6 10. Bb2 Nbd7 11. e4 O-O 12. Rfe1 Qc7 13. Rac1 Rfe8 14. h3 Rad8 15.
Qe3 Qb8 16. Nd4 Bf8 17. Rc2 Qa8 18. Rce2 g6 19. Nf3 Bg7 20. Nh2 Nc5 21. Ng4
Nxg4 22. hxg4 Bc6 23. Qd2 b5 24. b4 Nd7 25. cxb5 axb5 26. Qxd6 Ne5 27. Qc7 Nd3
0-1

[Event "Quebec op"]
[Site "Montreal CAN"]
[Date "1989.07.28"]
[Round "7"]
[White "Barbeau, Sylvain"]
[Black "Labelle, Jacques"]
[Result "1-0"]
[WhiteElo "2337"]
[BlackElo "2092"]
[PlyCount "61"]
[EventDate "1989.07.22"]
[EventType "swiss"]
[EventRounds "8"]
[EventCountry "CAN"]

1. d4 Nf6 2. Nf3 e6 3. c4 c5 4. e3 d5 5. Nc3 Nc6 6. cxd5 exd5 7. Be2 Be7 8. O-O
O-O 9. dxc5 Bxc5 10. b3 Be6 11. Bb2 Qe7 12. Rc1 a6 13. Na4 Ba3 14. Qc2 Rac8 15.
Qb1 Bxb2 16. Qxb2 Na5 17. Nd4 b5 18. Nc3 Ne4 19. Nxe4 dxe4 20. Qd2 Qd8 21. Qb4
Bd7 22. Rxc8 Bxc8 23. Rc1 Nb7 24. Nc6 Qd6 25. Ne7+ Kh8 26. Qxd6 Nxd6 27. Rc6
Rd8 28. Nxc8 Nxc8 29. Rxa6 Nd6 30. Rb6 g6 31. g3 1-0

[Event "Quebec-ch"]
[Site "Montreal CAN"]
[Date "1989.06.12"]
[Round "1"]
[White "Barbeau, Sylvain"]
[Black "Berube, Richard"]
[Result "1-0"]
[WhiteElo "2367"]
[BlackElo "2142"]
[PlyCount "49"]
[EventDate "1989.06.12"]
[EventType "tourn"]
[EventRounds "9"]
[EventCountry "CAN"]

1. Nf3 Nf6 2. d4 g6 3. Bg5 Bg7 4. Nbd2 d6 5. e4 c6 6. Bc4 d5 7. exd5 cxd5 8.
Bd3 Nc6 9. c3 O-O 10. O-O Ne8 11. Re1 Nc7 12. Bh4 Ne6 13. Qb3 Qb6 14. Bf1 Qa5
15. Bb5 g5 16. Bxc6 bxc6 17. Nxg5 Nxd4 18. cxd4 Qxd2 19. Nf3 Qf4 20. Bxe7 Bg4
21. Bxf8 Rxf8 22. Qe3 Qf6 23. Ne5 Bc8 24. Rac1 Bh6 25. Qg3+ 1-0

[Event "Quebec-ch"]
[Site "Montreal CAN"]
[Date "1989.06.13"]
[Round "2"]
[White "Roy, Alain"]
[Black "Barbeau, Sylvain"]
[Result "0-1"]
[WhiteElo "2112"]
[BlackElo "2367"]
[PlyCount "122"]
[EventDate "1989.06.12"]
[EventType "tourn"]
[EventRounds "9"]
[EventCountry "CAN"]

1. e4 c5 2. Nf3 Nc6 3. Nc3 Nf6 4. g3 e6 5. Bg2 b5 6. e5 b4 7. exf6 bxc3 8. O-O
gxf6 9. bxc3 Rb8 10. d4 d5 11. Bf4 Rb6 12. Re1 c4 13. Nh4 Ne7 14. Qh5 h6 15.
Bh3 Rh7 16. Rab1 Bd7 17. Qe2 Qc8 18. Rxb6 axb6 19. Rb1 Qa6 20. Qd1 Nc8 21. Ng2
Kd8 22. Bd2 Nd6 23. Ne3 h5 24. Qf3 Be7 25. Be1 Rh8 26. Qd1 Kc7 27. Bg2 Bc6 28.
h4 f5 29. Bf3 Qa8 30. Ng2 Qg8 31. Bxh5 f4 32. Nxf4 Bxh4 33. Bf3 Bg5 34. Bd2 Qh7
35. Bg2 Ne4 36. Qe1 Qf5 37. Qe3 Nxd2 38. Qxd2 f6 39. Qe3 Bxf4 40. Qxf4+ Qxf4
41. gxf4 Ra8 42. Re1 Kd6 43. f5 exf5 44. Bh3 Bd7 45. Kg2 Rxa2 46. Re2 Ra3 47.
Re3 f4 48. Rf3 b5 49. Bxd7 Kxd7 50. Kf1 Ke6 51. Ke2 Kf5 52. Rh3 Kg4 53. Rh6
Rxc3 54. Kd2 b4 55. Rxf6 Ra3 56. Rd6 Ra2 57. Kc1 b3 58. cxb3 cxb3 59. Rxd5 Rxf2
60. Rb5 b2+ 61. Kb1 Rd2 0-1

[Event "Quebec-ch"]
[Site "Montreal CAN"]
[Date "1989.06.15"]
[Round "4"]
[White "Leveille, Francois"]
[Black "Barbeau, Sylvain"]
[Result "1/2-1/2"]
[WhiteElo "2262"]
[BlackElo "2367"]
[PlyCount "84"]
[EventDate "1989.06.12"]
[EventType "tourn"]
[EventRounds "9"]
[EventCountry "CAN"]

1. d4 f5 2. g3 Nf6 3. Bg2 e6 4. c4 c6 5. Nc3 d5 6. e3 Be7 7. Nge2 O-O 8. Nf4
Qe8 9. b3 Ne4 10. Bb2 b6 11. Rc1 a5 12. O-O Nxc3 13. Rxc3 Ra7 14. Qc1 Bd7 15.
Nd3 Na6 16. Ne5 Bd6 17. cxd5 cxd5 18. Qb1 Nc7 19. Rfc1 Nb5 20. R3c2 a4 21. Bf1
axb3 22. axb3 Nc7 23. Nc6 Ra8 24. b4 Na6 25. Ba3 Nb8 26. Nxb8 Qxb8 27. Rc3 Rc8
28. Rxc8+ Bxc8 29. Qb3 Bd7 30. Bb2 Ra4 31. b5 Qa8 32. Qd1 g6 33. Ra1 Ra2 34.
Qb1 Ra5 35. Bc3 Rxa1 36. Qxa1 Qxa1 37. Bxa1 Bb4 38. f4 h6 39. h4 Be1 40. Kg2
Kg7 41. Bb2 Kf6 42. Ba3 h5 1/2-1/2

[Event "Quebec-ch"]
[Site "Montreal CAN"]
[Date "1989.06.16"]
[Round "5"]
[White "Barbeau, Sylvain"]
[Black "Fraser, Michel"]
[Result "1/2-1/2"]
[WhiteElo "2367"]
[BlackElo "2102"]
[PlyCount "128"]
[EventDate "1989.06.12"]
[EventType "tourn"]
[EventRounds "9"]
[EventCountry "CAN"]

1. c4 e5 2. Nc3 d6 3. Nf3 f5 4. d4 e4 5. Ng5 c6 6. Nh3 Nf6 7. e3 Be7 8. Nf4 a5
9. h4 Na6 10. a3 O-O 11. Be2 Nc7 12. Qb3 Qe8 13. Na4 Nd7 14. c5+ d5 15. Bd2 Bf6
16. Bc3 Ne6 17. g3 Bd8 18. O-O-O Bc7 19. Rdg1 Rb8 20. Bh5 g6 21. Bd1 h5 22. Be2
Kh7 23. Kd2 Qe7 24. Qd1 Nf6 25. Qc2 Bd7 26. Ra1 Ra8 27. Qb3 Rfb8 28. Nb6 Ra7
29. Qa4 Qd8 30. Nxd7 Qxd7 31. Nxe6 Qxe6 32. b4 Nd7 33. b5 Raa8 34. Rab1 Kh6 35.
Rb2 Re8 36. bxc6 bxc6 37. Rb7 Rec8 38. Rhb1 Nf8 39. Qd1 Qe8 40. Qf1 Ne6 41. Ba6
Rcb8 42. Kc2 Rxb7 43. Rxb7 Qd8 44. Rb2 Qd7 45. Kb3 Ra7 46. Bd2 Qe8 47. Ka4 Qa8
48. Be2 Qc8 49. Qb1 Nf8 50. Kb3 Ne6 51. Kc2 Qa8 52. Kd1 Qc8 53. Ke1 Nf8 54. Kf1
Nd7 55. Kg2 Nf6 56. Qc2 Qa8 57. Qa4 Nd7 58. Be1 Bd8 59. Bd1 Qc8 60. Qb3 Bc7 61.
Bd2 Kh7 62. Be2 Qa8 63. Qd1 Qe8 64. Rb1 Kh6 1/2-1/2